Statystyki dla Top 10 najmniej zaludnionych państw Afryki

Kliknij tutaj aby rozwiązać quiz!

Ogólne statystyki

  • Ten quiz został rozwiązany 288 razy
  • Średni wynik to 7 z 10

Statystyki odpowiedzi

Liczba ludnościPaństwo% Poprawnych
93 920Seszele
80%
1 467 000Eswatini
74%
808 000Komory
72%
560 889Republika Zielonego Przylądka
72%
201 025Wyspy Świętego
Tomasza i Książęca
72%
1 356 000Mauritius
70%
865 000Dżibuti
68%
778 358Gwinea Równikowa
67%
1 792 000Gwinea Bissau
56%
1 772 000Gabon
42%

Rozkład punktacji

Percentyl według liczby udzielonych odpowiedzi

Procent ludzi z każdym wynikiem

Twoja historia wyników

Nie rozwiązałeś tego quizu